Súčasti účtovnej závierky v sústave podvojného účtovníctva bakalárska práca

Saved in:
Bibliographic Details
Main Author: Stachová, Ivana
Corporate Author: Fakulta hospodárskej informatiky EU. Katedra účtovníctva a audítorstva
Other Authors: Droppová, Dana
Format: Book
Language:Slovak
Published: Bratislava 2009
Tags: Add Tag
No Tags, Be the first to tag this record!

MARC

LEADER 00000nam$a2200000$$$4500
001 0104058
005 20240318134903.8
041 0 |a slo 
044 |a SK 
245 1 0 |a Súčasti účtovnej závierky v sústave podvojného účtovníctva  |b bakalárska práca  |c Ivana Stachová ; škol. Dana Droppová 
264 1 |a Bratislava  |c 2009 
300 |a 36 s. 
100 1 |a Stachová, Ivana 
700 1 |a Droppová, Dana 
710 2 |a Fakulta hospodárskej informatiky EU. Katedra účtovníctva a audítorstva